| 000 | 01485nam a2200397Ia 4500 | ||
|---|---|---|---|
| 005 | 20250203074708.0 | ||
| 008 | 130821s2003 xxua gr eng | ||
| 020 | _a0131000675 | ||
| 020 | _a0131000675 | ||
| 040 |
_aCo-BoUCM _bspa _cDavid Moreno (modificó) _dDavid Moreno (modificó) |
||
| 041 | 0 | 0 | _aeng |
| 100 | 1 |
_aFolland,Sherman _943217 |
|
| 245 | 1 | 4 |
_aThe economics of health and health care _cSherman Folland, Allen C. Goodman, Stano, Miron |
| 250 | _a4a. Ed. | ||
| 260 |
_aTrenton (Nueva Jersey, Estados Unidos) _bPrentice-Hall _c2003 |
||
| 300 |
_axxvii, 618 páginas _bilustraciones |
||
| 610 |
_aOrganización Mundial de la Salud. OMS _94510 |
||
| 650 | 0 | 4 |
_aAdministración de servicios de salud _98579 |
| 650 | 0 | 4 |
_aAnálisis de costos _98951 |
| 650 | 0 | 4 |
_aAtención médica integral _99713 |
| 650 | 0 | 4 |
_aAtención médica _99710 |
| 650 | 0 | 4 |
_aCuidados de salud _912352 |
| 650 | 0 | 4 |
_aEconomía médica _913704 |
| 650 | 0 | 4 |
_aEconomía médica _vEstadísticas _913704 |
| 650 | 0 | 4 |
_aHospitales _xAdministración _917052 |
| 650 | 0 | 4 |
_aIndustria farmacéutica _917457 |
| 650 | 0 | 4 |
_aInformación _xLegislación _917580 |
| 650 | 0 | 4 |
_aOferta y demanda _920709 |
| 650 | 0 | 4 |
_aPlanificación de la salud _921645 |
| 650 | 0 | 4 |
_aReforma en atención de la salud _923289 |
| 650 | 0 | 4 |
_aSeguros _xSalud _98084 |
| 650 | 0 | 4 |
_aTecnología _98143 |
| 700 |
_aStano, Miron _943219 |
||
| 942 |
_cLIBRO _a7 _e4 _mF66e _2DEWEY _h338.43362 _n0 |
||
| 999 |
_c45505 _d45505 |
||